Da donna a donna : poesie d'amore e d'amicizia /
Salvato in:
| Altri autori: | |
|---|---|
| Natura: | Libro |
| Lingua: | italiano |
| Pubblicazione: |
Roma :
Edizioni delle donne,
1977
|
| Edizione: | 2. ed |
| Tags: |
Nessun Tag, puoi essere il primo ad aggiungerne!!
|
MARC
| LEADER | 00000nam a22000007i 4500 | ||
|---|---|---|---|
| 001 | IT\ICCU\LIA\0109593 | ||
| 003 | ItRI | ||
| 005 | 20260202165554.0 | ||
| 008 | 810604s1977 it |||||| ||||| |||||c | ||
| 040 | |b ita |c ct | ||
| 041 | 7 | |a ita |2 ISO-639-2 | |
| 130 | 0 | |a Da donna a donna | |
| 245 | 0 | 0 | |a Da donna a donna : |b poesie d'amore e d'amicizia / |c antologia a cura di Laura di Nola. |
| 250 | |a 2. ed | ||
| 260 | |a Roma : |b Edizioni delle donne, |c 1977 | ||
| 300 | |a 166 p. ; |c 18 cm | ||
| 500 | |a BNI 76B11942 | ||
| 700 | 1 | |a Di Nola, Laura |0 IT\ICCU\SBLV\093242 | |
| 942 | |2 ddc |c BK | ||
| 952 | |0 0 |1 0 |2 ddc |4 0 |6 B_LPS01DINLADAD11 |7 0 |9 4606 |a MI |b MI |d 1987-06-13 |i 205 |l 0 |o B-LPS01-DINLA-DAD11 |p CDOM205 |r 2025-07-04 21:34:30 |w 2025-07-04 |x ACQUISTO |y BK | ||
| 952 | |0 0 |1 0 |4 0 |6 L_851_910000000000000_DIN |7 0 |9 25655 |a BO |b BO |d 2026-01-15 |i 19116 |l 0 |o L 851.91 DIN |p BO19116 |r 2026-01-15 23:24:30 |w 2026-01-15 |x [Sebina 5] [1 v.] |y BK |z 1 v. | ||
| 999 | |c 4020 |d 4020 | ||